000 00707nam a2200181Ia 4500
008 090124s9999 xx 000 0 und d
082 _b30732
_a2178
100 _aभातखंडे विष्णु ना.
245 _a हिंदुस्थानी संगीत पध्दती भाग 4
250 _a2
260 _c1998
300 _a448
600 _aभातखंडे विष्णु ना.
630 _a हिंदुस्थानी संगीत पध्दती भाग 4
700 _aभातखंडे विष्णु ना.
730 _a हिंदुस्थानी संगीत पध्दती भाग 4
942 _cBOOK
999 _c144212
_d144212